Traité élémentaire de mécanique
Gespeichert in:
| 1. Verfasser: | |
|---|---|
| Format: | keine Angabe |
| Sprache: | Französisch |
| Erschienen: |
París
Chez Courcier, libraire (Imprimerie de HL Perronneau)
1804
|
| Ausgabe: | 3a ed. Aumentada |
| Katalog: | MANES: Suchergebnis im Bibliothekskatalog |
| Schulbuchspezifische Eigenschaften: |
|
| Tags: |
Tag hinzufügen
Keine Tags, Fügen Sie den ersten Tag hinzu!
|
| Hinzugefügt zu: | 26.04.2016 |
| Geändert in: | 30.01.2026 |
MARC
| LEADER | 000000000a22000000004500 | ||
|---|---|---|---|
| 001 | 34911 | ||
| 003 | OSt | ||
| 005 | 20260130095426.0 | ||
| 008 | 160427s fr ||||| |||| 00| 0 fre d | ||
| 040 | |a manes |c manes | ||
| 041 | |a Francés | ||
| 100 | 1 | |a Francoeur, Louis Bénjamin François |9 20489 | |
| 245 | 0 | 0 | |a Traité élémentaire de mécanique |
| 250 | |a 3a ed. Aumentada | ||
| 260 | 3 | |a París |b Chez Courcier, libraire (Imprimerie de HL Perronneau) |c 1804 | |
| 300 | |a XXXII, 459 p., VIII h. de lám. |c 20 cm | ||
| 500 | |a Signatura: JE2/179. Enc. pasta. | ||
| 690 | |a FQ | ||
| 691 | 0 | |a SE | |
| 942 | |2 ddc |c BK | ||
| 546 | |a España | ||
| 999 | |c 41909 |d 41909 | ||
| 999 | |c manes:41909 |d 41909 | ||